000 00466nam a22001817a 4500
003 MPLRDC
005 20220104123335.0
008 210129b ||||| |||| 00| 0 eng d
020 _a7-5340-0373-3
082 _a308.9 SZP v.9
100 _a沈治平
245 _a初中数理化连环画: 化学
_c
250 _a一版一刷
260 _a
_b浙江人民美术出版社
_c1993
300 _b
650 _a学生用科学丛书
942 _cBK
_o308.9 SZP v.9
999 _c10605
_d10595